00386 a2200109 4500001001000000005001700010008004100027245009100068100002000159700002300179773007400202ART_4844320260410162024.0260409a 10aAnálisis de la calidad de la edad declarada en los censos de población del Uruguay1 aNathan, Mathias1 aKoolhaas, Martín0 tNotas de poblacióng- Año XLV, Nº 107 (jul./dic. 2018)wREV41841